Design of Bridge Structures / (Record no. 234868)
[ view plain ]
| 000 -LEADER | |
|---|---|
| fixed length control field | 00635 a2200145 4500 |
| 003 - CONTROL NUMBER IDENTIFIER | |
| control field | Nust |
| 005 - DATE AND TIME OF LATEST TRANSACTION | |
| control field | 20170331123705.0 |
| 008 - FIXED-LENGTH DATA ELEMENTS--GENERAL INFORMATION | |
| fixed length control field | 170331b xxu||||| |||| 00| 0 eng d |
| 040 ## - CATALOGING SOURCE | |
| Transcribing agency | DLC |
| 082 ## - DEWEY DECIMAL CLASSIFICATION NUMBER | |
| Classification number | 624.2029 JAG |
| 100 ## - MAIN ENTRY--PERSONAL NAME | |
| Personal name | Jagadeesh,T.R. |
| 245 ## - TITLE STATEMENT | |
| Title | Design of Bridge Structures / |
| Statement of responsibility, etc. | T.R.Jagadeesh |
| 260 ## - PUBLICATION, DISTRIBUTION, ETC. | |
| Place of publication, distribution, etc. | New Delhi : |
| Date of publication, distribution, etc. | Prentice Hall of India, |
| Name of publisher, distributor, etc. | 2003 |
| 300 ## - PHYSICAL DESCRIPTION | |
| Extent | 282p. : |
| Other physical details | ill. ; |
| Dimensions | 23cm |
| 650 ## - SUBJECT ADDED ENTRY--TOPICAL TERM | |
| Topical term or geographic name entry element | Bridge Engineering |
| 942 ## - ADDED ENTRY ELEMENTS (KOHA) | |
| Source of classification or shelving scheme | |
| Koha item type | Book |
| Withdrawn status | Lost status | Source of classification or shelving scheme | Damaged status | Not for loan | Permanent Location | Current Location | Date acquired | Total Checkouts | Total Renewals | Full call number | Barcode | Checked out | Date last seen | Date last checked out | Price effective from | Koha item type |
|---|---|---|---|---|---|---|---|---|---|---|---|---|---|---|---|---|
| School of Civil and Environmental Engineering (SCEE) | School of Civil and Environmental Engineering (SCEE) | 03/31/2017 | 1 | 1 | 624.2029 JAG | NIT-8268 | 03/21/2021 | 10/21/2019 | 10/21/2019 | 03/31/2017 | Book |
